000 01004nam a22002891u 4500
001 04179
003 HDC
007 cr cn ---aaaaa
008 210115p2015 fo d 00 engg
040 _aHDC
100 _aGoodsell, Martha
_eauthor
_94238
245 2 _aA Resource Guide to Direct Marketing Livestock and Poultry / by
_cMartha Goodsell, Tatiana Stanton, Jim McLaughlin
260 _a[no place]:
_b[publisher not identified],
_c2015
300 _a95 pages :
_billustrations
336 _atext
_2rdacontent
337 _acomputer
_2rdamedia
338 _aonline resource
_2rdacarrier
650 _aLivestock
_92405
650 _aMeat regulation
_94239
650 _aPoultry
_91550
700 _aMcLaughlin, Jim
_94241
700 _aStanton, Tatiana
_94240
856 _zRequest full-text at [email protected]
942 _2lcc
942 _cAR
942 _kJART 001152
999 _c1504
_d1504